000 02114nmmaa22003737i 4500
001 768714001
003 CO-MdFUSB
005 20260218211129.0
007 cr aa aaaaa
008 260218s2025 ck ||||| |||| 00| 0 spa dd
040 _aCO-MdFUSB
_bEspañol
_cCO-MdFUSB
_dCO-MdFUSB
041 _aspa
043 _ack
100 _aLópez Restrepo, John Jairo,
_eautor
245 _aApropiación por parte de un misionero colombiano de una propuesta eclesiológica desde la tradición bautista para un contexto poscristiano norteamericano
_c/ John Jairo López Restrepo ; asesorado por Andrew Fields
264 1 _aMedellín, Colombia :
_bFUSBC,
_c2025
300 _a93 páginas
336 _2rdacontent
_atexto
_btxt
337 _2rdamedia
_ainformático
_bc
338 _2rdacarrier
_aremoto
_bcr
502 _aTrabajo de grado
_b(Teología) --
_cFundación Universitaria Seminario Bíblico de Colombia,
_d2025
504 _aBibliografía (página 88)
505 _aContexto: Portland y Hinson Baptist Church. -- II El ministerio en tensión. -- Naturaleza y misión de la iglesia. -- La vida de la iglesia. -- El liderazgo de la iglesia. -- Aplicación al contexto colombiano.
506 _aAcceso en línea
520 _aApropiación por parte de un misionero colombiano de una propuesta eclesiológica desde la tradición bautista para un contexto poscristiano norteamericano es un trabajo en el que John López presenta su reflexión derivada de la experiencia vivida al cursar un programa de residencia pastoral en una iglesia bautista del noroeste de los Estados Unidos. En esta obra, el autor se vale de su vivencia en el contexto eclesial colombiano para incorporar la propuesta eclesiológica que guía a la Iglesia Bautista Hinson de Portland, Oregon. La obra aborda temas como el ministerio cristiano, la misión de la iglesia y el liderazgo eclesial.
653 _aIglesia
653 _aLiderazgo
653 _aPoscristianismo
653 _aCultura
653 _aEvangelio
700 _aFields, Andrew Thomas,
_easesor
_91466
942 _cTG
999 _c71593
_d71593